Districts of Bangladesh with a Map - Statistics

General Stats
  • This quiz has been taken 1,808 times
  • The average score is 29 of 64
Answers on the Map
Answers color-coded by a green-red scale on the quiz's map according to % correct below.
 
Answer Stats
Division District % Correct
Dhaka Dhaka
93%
Chittagong Chittagong
85%
Sylhet Sylhet
79%
Khulna Khulna
75%
Rangpur Rangpur
73%
Chittagong Cox's Bazar
72%
Mymensingh Mymensingh
71%
Rajshahi Rajshahi
71%
Barisal Barisal
67%
Chittagong Comilla
61%
Dhaka Gazipur
56%
Chittagong Feni
55%
Chittagong Noakhali
54%
Chittagong Bandarban
53%
Barisal Bhola
52%
Rangpur Dinajpur
52%
Khulna Jessore
52%
Chittagong Rangamati
52%
Dhaka Narayanganj
50%
Dhaka Tangail
49%
Rajshahi Bogra
48%
Sylhet Habiganj
48%
Rajshahi Pabna
47%
Dhaka Faridpur
46%
Sylhet Sunamganj
46%
Mymensingh Jamalpur
43%
Khulna Bagerhat
42%
Chittagong Chandpur
42%
Khulna Kushtia
42%
Mymensingh Sherpur
42%
Rangpur Kurigram
41%
Rangpur Panchagarh
41%
Barisal Patuakhali
41%
Khulna Satkhira
41%
Rajshahi Sirajganj
41%
Dhaka Kishoreganj
40%
Rangpur Lalmonirhat
40%
Dhaka Manikganj
40%
Rangpur Thakurgaon
39%
Dhaka Gopalganj
38%
Khulna Meherpur
38%
Dhaka Munshiganj
38%
Rajshahi Natore
38%
Rangpur Nilphamari
38%
Rangpur Gaibandha
37%
Rajshahi Naogaon
36%
Barisal Pirojpur
36%
Dhaka Madaripur
35%
Dhaka Rajbari
35%
Barisal Barguna
34%
Khulna Chuadanga
34%
Chittagong Lakshmipur
34%
Khulna Narail
34%
Dhaka Narsingdi
34%
Rajshahi Joypurhat
33%
Khulna Magura
33%
Mymensingh Netrakona
33%
Khulna Jhenaidah
32%
Sylhet Maulvibazar
32%
Rajshahi Nawabganj
32%
Dhaka Shariatpur
32%
Chittagong Khagrachhari
30%
Barisal Jhalokati
29%
Chittagong Brahamanbaria
20%
No matching quizzes found
Score Distribution
Percent of People with Each Score
Percentile by Number Answered
Your Score History
You have not taken this quiz